000 01212nam a22002417a 4500
999 _c17550
_d17550
005 20251125232858.0
008 s2537 th tha d
040 _aNALT
041 _atha
100 0 _aธีระพล อรุณะกสิกร
245 1 0 _aพระราชบัญญัติคุ้มครองผู้ประสบภัยจากรถ พ.ศ.2535
260 3 _aกรุงเทพฯ :
_bวิญญูชน,
_c2537
300 _a103 หน้า :
_b ตาราง ;
_c 21 ซม.
650 0 4 _aคุ้มครองผู้ประสบภัยจากรถ(พ.ร.บ) -- 2535
650 0 4 _aคุ้มครองผู้ประสบภัยจากรถ(พ.ร.บ) -- ฉบับที่ 2 -- 2535
650 0 4 _aผู้ประสบภัยจากรถ -- กฎหมายและระเบียบข้อบังคับ
700 0 _aธีระพล อรุณะกสิกร
850 _aNALT
856 _uhttps://hdl.handle.net/20.500.14156/460824
_71
942 _cLB
_2lcc
998 _j25
_k นีลวัสน์ อินทรักษา
090 _aKN72 ธ667พ 2537